000
00320nam a2200157Ia 4500
100
_a
Chakraborty/P
650
_a
Operating systems
942
_c
BK
366
_f
20
245
_a
Operating Systems
260
_b
Jaico
_c
2011
082
_a
5.43
_b
CHA
300
_a
1016
546
_a
ENGLISH
_c
Computers
999
_c
34429
_d
34429